Forum A Book of Essays for College English / (Record no. 5939)
[ view plain ]
| 000 -LEADER | |
|---|---|
| fixed length control field | 00628nam a2200229 a 4500 |
| 001 - CONTROL NUMBER | |
| JCCL Control Number | 5939 |
| 003 - CONTROL NUMBER IDENTIFIER | |
| JCCL marc code | BD-JhCC |
| 005 - DATE AND TIME OF LATEST TRANSACTION | |
| control field | 20171231093419.0 |
| 008 - FIXED-LENGTH DATA ELEMENTS--GENERAL INFORMATION | |
| fixed length control field | 171231s1956 n |||| || | 000 0 eng d |
| 035 ## - SYSTEM CONTROL NUMBER | |
| system control number | (BD-JhCC)5939 |
| 040 ## - CATALOGING SOURCE | |
| Original cataloging agency | BD-JhCC |
| Modifying agency | BD-JhCC |
| 041 ## - LANGUAGE CODE | |
| Language code of Book | eng |
| 082 ## - DEWEY DECIMAL CLASSIFICATION NUMBER | |
| Classification number | 428.2 |
| Author mark and Year | FOR 1956 |
| 245 ## - TITLE STATEMENT | |
| Title | Forum A Book of Essays for College English / |
| Statement of responsibility, etc | Christian Kiefer and Laurence Muir |
| 260 ## - PUBLICATION, DISTRIBUTION, ETC. (IMPRINT) | |
| Place of publication, distribution, etc | New York : |
| Name of publisher, distributor, etc | Appleton-Century-Crofts, Inc. |
| Date of publication, distribution, etc | 1956. |
| 300 ## - PHYSICAL DESCRIPTION | |
| Pagination | 290 p. : |
| Dimensions | 22 cm. |
| 650 ## - SUBJECT ADDED ENTRY--TOPICAL TERM | |
| Topical term or geographic name as entry element | College Reading |
| 700 ## - ADDED ENTRY--PERSONAL NAME | |
| Personal name | Kiefer, Christian |
| 700 ## - ADDED ENTRY--PERSONAL NAME | |
| Personal name | Muir, Laurence |
| 942 ## - ADDED ENTRY ELEMENTS (KOHA) | |
| Source of classification or shelving scheme | Dewey Decimal Classification |
| Koha item type | Books |
| Source of classification or shelving scheme | Damaged status | Not for loan | Home library | Current library | Shelving location | Date of accession | Total Checkouts | Full call number | Barcode | Date last seen | Copy number | Koha item type |
|---|---|---|---|---|---|---|---|---|---|---|---|---|
| Dewey Decimal Classification | JCC Rouf Library | JCC Rouf Library | General Stacks | 12/31/2017 | 428.2 FOR 1956 | 8398 | 12/31/2017 | C - 1 | Books |